00315nam a22001097a 4500020001500000082001500015100001900030245009500049260002800144300000800172650002500180 a1569571201 a294.34 GYA aGyatso, Tenzin aA Flash Of Lightning In The Dark Of Night: A Guid To The Buddhisattva's Way Of Life Life aBostonbSHAMBHALAc1999 a141 aBuddhism - Doctorins